Normal view
MARC view
- Hallak, Jacques,
Entry Nombre Personal
001 - NUMERO DE CONTROL
- campo de control: 28384
003 - IDENTIFICADOR DE NUMERO DE CONTROL
- campo de control: MX-MxUPN
005 - FECHA Y HORA DE LA ÜLTIMA TRANSACCIÓN
- campo de control: 20240621110734.0
008 - DATOS DE LONGITUD FIJA
- campo de control de longitud fija: 240621nn acnnnaabn b aaa |d
035 ## - NUMERO DE CONTROL
- Número de control: UPN11000000490
040 ## - FUENTE DE CATALOGACIÓN
- Agencia original de catalogación: MX-MxUPN
- Lenguaje de catalogación: sopa
100 1# - ENCABEZAMIENTO - NOMBRE PERSONAL
- Nombre personal: Hallak, Jacques,
- Fechas asociadas con el nombre: 1937-
400 1# - VEÁSE - NOMBRE DE PERSONA
- Personal name: Hallak, J.,
- Dates associated with a name: 1937-
670 ## - FUENTE EN LA QUE SE LOCALIZARON DATOS
- Cita de la fuente: LC/P
670 ## - FUENTE EN LA QUE SE LOCALIZARON DATOS
- Cita de la fuente: Some issues in rural education, 1975 :
- Información localizada: portada (J.,Hallak)
680 ## - NOTA PUBLICA DE ACCESO PÚBLICO
- Frase explicativa de la referencia: Economista y educador francés, miembro de la UNESCO
902 ## - CATALOGADOR
- Catalogador: DAA/ 301007
- Catalogador: VíctorGodínez/210624
